| 000 | 00683nam a22002417a 4500 | ||
|---|---|---|---|
| 003 | OSt | ||
| 005 | 20140310182922.0 | ||
| 008 | 130129t xxu||||| |||| 00| 0 eng d | ||
| 020 | _a9716420706 | ||
| 050 |
_aDS 675.8 _b.Z21 2011 |
||
| 082 |
_aFIL 920 _bZ21 2011 |
||
| 245 |
_aJose Rizal _cZaide, Gregorio F. _blife, works and writings of a genius, writer, scientist and national hero |
||
| 250 | _a2nd ed. | ||
| 260 |
_aManila _bAll-Nations Publishing Co., Inc. _c2008 |
||
| 300 |
_axxxii, 438 p. _c22 cm. |
||
| 521 | _acollege students | ||
| 526 | _c1210L-1700L | ||
| 541 | _j1 | ||
| 541 | _j2 | ||
| 541 | _j3 | ||
| 562 | _e3 | ||
| 942 |
_2lcc _cBK _kFIL |
||
| 999 |
_c17364 _d17364 |
||